نظام الأدارة المحلية في الجمهورية العربية المتحدة تجربته وطويره / (Record no. 76986)
[ view plain ]
| 000 -LEADER | |
|---|---|
| fixed length control field | 01521nam a2200325 i 4500 |
| 003 - CONTROL NUMBER IDENTIFIER | |
| control field | EG-GICUC |
| 005 - DATE AND TIME OF LATEST TRANSACTION | |
| control field | 20260517120907.0 |
| 008 - FIXED-LENGTH DATA ELEMENTS--GENERAL INFORMATION | |
| fixed length control field | 260517s1965 ua a|||fr|||| 00| 0 ara d |
| 040 ## - CATALOGING SOURCE | |
| Original cataloging agency | EG-GICUC |
| Language of cataloging | ara |
| Transcribing agency | EG-GICUC |
| Modifying agency | EG-GICUC |
| Description conventions | rda |
| 082 04 - DEWEY DECIMAL CLASSIFICATION NUMBER | |
| Edition number | 21 |
| Classification number | 352.2 |
| Item number | ا ل . ن |
| 092 04 - LOCALLY ASSIGNED DEWEY CALL NUMBER (OCLC) | |
| Edition number | 21 |
| 099 ## - LOCAL FREE-TEXT CALL NUMBER (OCLC) | |
| Classification number | Law1 09 352.2 ا ل . ن 1965 |
| 100 1# - MAIN ENTRY--PERSONAL NAME | |
| Personal name | السيد محمود زكي |
| Relator term | مؤلف. |
| 245 10 - TITLE STATEMENT | |
| Title | نظام الأدارة المحلية في الجمهورية العربية المتحدة تجربته وطويره / |
| Statement of responsibility, etc. | الدكتور السيد محمود زكي، الدكتور مصطفي فهمي، الدكتور محمد جمال الدين نصوحي. |
| 264 #1 - PRODUCTION, PUBLICATION, DISTRIBUTION, MANUFACTURE, AND COPYRIGHT NOTICE | |
| Place of production, publication, distribution, manufacture | القاهرة : |
| Name of producer, publisher, distributor, manufacturer | [الناشر غير محدد], |
| Date of production, publication, distribution, manufacture, or copyright notice | 1965. |
| 300 ## - PHYSICAL DESCRIPTION | |
| Extent | 151 : صفحة |
| Other physical details | إيضاحيات، صور، مثيليات ؛ |
| Dimensions | 24 سم |
| 336 ## - CONTENT TYPE | |
| Source | rda content |
| Content type term | text |
| 337 ## - MEDIA TYPE | |
| Source | rda media |
| Media type term | Computer |
| 338 ## - CARRIER TYPE | |
| Source | rda carrier |
| Carrier type term | Online Resource |
| 500 ## - GENERAL NOTE | |
| General note | بحث مقدم الى المؤتمر العربي الثالث للعلوم الادارية اكتوبر 1965- القاهرة |
| 504 ## - BIBLIOGRAPHY, ETC. NOTE | |
| Bibliography, etc. note | . 149 - 151 ببليوجرافيا: صفحات. |
| 546 ## - LANGUAGE NOTE | |
| Language note | النص باللغة العربية |
| 650 14 - SUBJECT ADDED ENTRY--TOPICAL TERM | |
| Topical term or geographic name entry element | تنظيم الإدارة |
| Source of heading or term | qrmak |
| 651 1# - SUBJECT ADDED ENTRY--GEOGRAPHIC NAME | |
| Source of heading or term | qrmak |
| 700 1# - ADDED ENTRY--PERSONAL NAME | |
| Personal name | مصطفي فهمي |
| Relator term | مؤلف مشارك. |
| 700 1# - ADDED ENTRY--PERSONAL NAME | |
| Personal name | محمد جمال الدين نصوحي |
| Relator term | مؤلف مشارك. |
| 856 40 - ELECTRONIC LOCATION AND ACCESS | |
| Uniform Resource Identifier | <a href="https://fll.law.cu.edu.eg/fulltext/bks/B09-01009.pdf">https://fll.law.cu.edu.eg/fulltext/bks/B09-01009.pdf</a> |
| 905 ## - Cataloger and Reviser Names | |
| Cataloger Name: | Mayar Adel |
| 942 ## - ADDED ENTRY ELEMENTS (KOHA) | |
| Source of classification or shelving scheme | Dewey Decimal Classification |
| Koha item type | Books |
| Edition | 21 |
| Suppress in OPAC | No |
| Withdrawn status | Lost status | Source of classification or shelving scheme | Damaged status | Not for loan | Collection | Home library | Current library | Date acquired | Total checkouts | Full call number | Barcode | Date last seen | Copy number | Price effective from | Koha item type |
|---|---|---|---|---|---|---|---|---|---|---|---|---|---|---|---|
| Dewey Decimal Classification | Not for loan | الإدارة العامة | جــــامعة القــاهرة | مكتبة كلية الحقوق - المبنى الرئيسي | 17.05.2026 | Law1 09 352.2 ا ل . ن 1965 0901009 C1 | B09-01009 | 17.05.2026 | 1 | 17.05.2026 | Books |